Score 0/20 Timer 05:00
1 Play Today
Hint Answer % Correct
Friends
99%
The Office
90.8%
The Big Bang Theory
89.3%
Doctor Who
87.1%
Breaking Bad
86.5%
Buffy the Vampire Slayer
79.6%
House, M.D.
74.8%
How I Met your Mother
74.1%
Parks and Recreation
69.9%
Seinfeld
66.8%
Hint Answer % Correct
Grey's Anatomy
60.5%
Supernatural
54.4%
The Walking Dead
51.2%
The Vampire Diaries
41.6%
Game of Thrones
30.4%
NCIS
27%
Saved by the Bell
18.1%
Sherlock
15.8%
Torchwood
6.3%
Downton Abbey
2.8%
Remove Ads.
Support Sporcle.
Get the best of Sporcle when you Go Orange. This ad-free experience offers more features, more stats, and more fun while also helping to support Sporcle. Thank you for becoming a member.

You're not logged in!

Compare scores with friends on all Sporcle quizzes.
OR
Log In

Show Comments

Extras

Top Quizzes Today


Score Distribution

Your Account Isn't Verified!

In order to create a playlist on Sporcle, you need to verify the email address you used during registration. Go to your Sporcle Settings to finish the process.

Report this User

Report this user for behavior that violates our Community Guidelines.

Details: